Promote SR industry through technology & innovation: Interview Brian Chapman, President International, IISRP (Record no. 65942)

MARC details
000 -LEADER
fixed length control field 00396nam a2200133Ia 4500
245 #0 - TITLE STATEMENT
Title Promote SR industry through technology & innovation: Interview Brian Chapman, President International, IISRP
260 ## - PUBLICATION, DISTRIBUTION, ETC. (IMPRINT)
Name of publisher Rubber Asia
Year of publication 2018
300 ## - PHYSICAL DESCRIPTION
Number of Pages 54-57
500 ## - GENERAL NOTE
General note Source Year: 2018
650 ## - SUBJECT ADDED ENTRY--TOPICAL TERM
Topical Term Interview
650 ## - SUBJECT ADDED ENTRY--TOPICAL TERM
Topical Term SR industry
942 ## - ADDED ENTRY ELEMENTS (KOHA)
Koha item type Journals
Holdings
Withdrawn status Lost status Damaged status Not for loan Home library Current library Shelving location Date acquired Serial Enumeration / chronology Koha item type
      Journals RRII Library RRII Library General 01/01/2021 Volume 33, Issue 5 Journals